000 00199cam a2200097ua 4500
100 _aMadhavikkutty, .
245 0 0 _aJanuvamma parancha kathakal
300 _a ; .
504 _a
999 _c13574
_d13574